000 00256nam a22001097a 4500
008 170125b xxu||||| |||| 00| 0 eng d
020 _a0863560197
041 _aeng
080 _a618.2
245 _aRED CROSS CPR MODULE
_cAMERICAN RED CROSS
942 _2udc
_cBK
999 _c3574
_d3574